Переписка по организации бюро корреспондентов и об условиях допуска на торжества Священного коронования 1896 года корреспонденто...

Доступно только в Электронных читальных залах Найти на картеНа карте
RUSMARC
00003854nmc2a22002533x 450
001731f7922-9cba-4dbf-8499-c5742e15269f
00520241112110115.0
100##$a20240618l18951896k l0rusy0189 ca
1010#$arus
102##$aRU
105##$ay###
1222#$ad
2001#$aПереписка по организации бюро корреспондентов и об условиях допуска на торжества Священного коронования 1896 года корреспондентов, художников и фотографов
$j1 ноября 1895 г. - 15 июня 1896 г.
215##$a189 л.
$d36,5х26 см
251##$cДело
300##$aОпись переданных в общий архив Министерства Императорского двора дел бюро корреспондентов, учрежденного при бывшей Канцелярии министра Императорского двора и уделов
300##$aНа обложке указано: "№1"
371##$aДокумент не является опубликованным и широко распространяемым
461#0$1001RusGRCC00079091
$12001
$aКанцелярия Министерства Императорского двора
$1251
$cФонд
$1852
$j472
462#0$1001c0b6831a-da70-44f0-af60-1a3bc9d20a40
$12001
$aКанцелярия Министерства Императорского двора
$1251
$cОпись
$1852
$j44
$l420-1968
801#0$aRU
$bРГИА
$c20240618
$gRCR
801#1$aRU
$bГлавНИВЦ
$c20240618
$2rusmarc
801#2$aRU
$bПБ им. Б.Н. Ельцина
$c20241112
$gRCR
$2rusmarc
850##$aРГИА
852##$aРГИА
$eФедеральное казенное учреждение "Российский государственный исторический архив" (РГИА)
$j104
937##$hРГИА
$d12416991
$aASBIBLIO_SCAN
035##$aRusGRCC00079001
856##$uhttp://readingroom.main.prlib.ru/item.aspx?id_node=n194752330&mode=full
Формат отображения